|
|
|
|
| LEADER |
01973njm a2200421 a 4500 |
| 001 |
000229498 |
| 003 |
CZ BrMZK |
| 005 |
20040701131426.0 |
| 008 |
010907s1960 xr f cze d |
| 028 |
0 |
1 |
|a DV 5571-5572
|b Supraphon
|
| 040 |
|
|
|a BOA001
|b cze
|
| 080 |
|
|
|a 782.1(437.1)(086.7)
|2 MRF
|
| 080 |
|
|
|a 792.54(086.7)
|2 MRF
|
| 100 |
1 |
|
|a Janáček, Leoš,
|d 1854-1928
|7 jk01050745
|4 cmp
|4 lbt
|
| 245 |
1 |
0 |
|a Káťa Kabanová
|h [zvukový záznam] :
|b [opera o 3 dějstvích : na vlastní libreto] /
|c Leoš Janáček.
|
| 260 |
|
|
|a Praha :
|b Supraphon,
|c 1960
|
| 300 |
|
|
|a 2 LP desky :
|b 33 ot/min ;
|c 30 cm +
|e 1 příloha [18 s.].
|
| 500 |
|
|
|a Nahr. neuv
|
| 500 |
|
|
|a Durata neuv
|
| 500 |
|
|
|a Podle dramatu Bouře Alexandra Nikolajeviče Ostrovského
|
| 511 |
0 |
|
|a Zdeněk Kroupa, bas; Beno Blachut, tenor; Ludmila Komancová, alt ... [et al.]. Sbor opery Národního divadla v Praze, sborm. Milan Malý; Orchestr Národního divadla v Praze, dir. Jaroslav Krombholc.
|
| 653 |
0 |
|
|a české operní texty
|
| 700 |
1 |
|
|a Malý, Milan,
|d 1930-2004
|7 jn19990009925
|4 cnd
|
| 700 |
1 |
|
|a Mixová, Ivana,
|d 1930-2002
|7 ola200204251
|4 prf
|
| 700 |
1 |
|
|a Tikalová, Drahomíra,
|d 1915-1997
|7 jn99240001187
|4 prf
|
| 700 |
1 |
|
|a Vích, Bohumír,
|d 1911-1998
|7 mzk2003186958
|4 prf
|
| 700 |
1 |
|
|a Blachut, Beno,
|d 1913-1985
|7 jn19990009801
|4 prf
|
| 700 |
1 |
|
|a Jedlička, Rudolf,
|d 1920-1989
|7 xx0007315
|4 prf
|
| 700 |
1 |
|
|a Komancová, Ludmila,
|d 1912-1973
|7 ola200205556
|4 prf
|
| 700 |
1 |
|
|a Kočí, Viktor,
|d 1920-2005
|7 js20050905004
|4 prf
|
| 700 |
1 |
|
|a Krombholc, Jaroslav,
|d 1918-1983
|7 jk01063408
|4 cnd
|
| 700 |
1 |
|
|a Kroupa, Zdeněk,
|d 1921-1999
|7 jn20000401501
|4 prf
|
| 710 |
2 |
|
|a Národní divadlo v Praze.
|b Orchestr
|7 ko2003171957
|
| 710 |
2 |
|
|a Národní divadlo v Praze.
|b Operní sbor
|7 ko2004251676
|
| 910 |
|
|
|a BOA001
|b LP-0004.846
|
| 964 |
|
|
|a Opery
|x texty české
|x LP
|
| 990 |
|
|
|a AV
|
| 996 |
6 |
|
|b 261H004922
|c LP-0004.846
|l MZK
|r Sklad / do 24 hodin
|n 0
|p kup
|w 000229498
|u 000010
|a 1
|e BOA001
|j MZK50
|s P
|